Estado y sociedad: relaciones peligrosas /
Guardat en:
| Autor principal: | |
|---|---|
| Autor corporatiu: | , |
| Altres autors: | , , , , |
| Format: | Text |
| Publicat: |
Lima:
DESCO
|
| Matèries: | |
| Etiquetes: |
Afegir etiqueta
Sense etiquetes, Sigues el primer a etiquetar aquest registre!
|
MARC
| LEADER | 00000 a a2200000 04500 | ||
|---|---|---|---|
| 001 | 27544 | ||
| 003 | |||
| 040 | |||
| 090 | |a 185500 | ||
| 100 | |a Abugattás, Juan | ||
| 110 | |a DESCO | ||
| 245 | |a Estado y sociedad: relaciones peligrosas / |c DESCO | ||
| 260 | |a Lima: |b DESCO | ||
| 300 | |a 205 p | ||
| 650 | |a SOCIEDAD CIVIL | ||
| 650 | |a ESTADO | ||
| 650 | |a CORPORATIVISMO | ||
| 650 | |a MOVILIDAD SOCIAL | ||
| 650 | |a DESARROLLO POLITICO | ||
| 650 | |a NEOLIBERALISMO | ||
| 700 | |a Adrianzén, Alberto | ||
| 700 | |a Althaus, Jaime de | ||
| 700 | |a Jiménez, Félix | ||
| 700 | |a López, Sinesio | ||
| 700 | |a Rubio, Marcial | ||
| 710 | |a Centro de Estudios y Promoción del Desarrollo | ||
| 999 | |c 2518 |d 2518 | ||
